| 000 | 00845nam a2200217Ia 4500 | ||
|---|---|---|---|
| 005 | 20260704175957.0 | ||
| 008 | 260704s9999||||xx |||||||||||||| ||und|| | ||
| 020 |
_a9780873522977 _qhb |
||
| 082 |
_a808.027 _bTHE.3E |
||
| 100 | _aThe Modern Language Association of America | ||
| 245 | 0 | _aMLA style manual and guide to scholarly publishing [3rd ed.] | |
| 250 | _a1st ed. 1985 ; 2nd ed. 1998 ; 3rd ed. 2008 | ||
| 260 |
_aNew York _bThe Modern Language Association of America _c2008 |
||
| 300 | _axxiv, 336p. ; 24cm. | ||
| 653 | _aAcademic writing—Handbooks, manual etc. | ||
| 653 | _aAuthorship—Style manuals | ||
| 653 | _aHumanities literature—Authorship—Handbooks, manuals etc | ||
| 653 | _aHumanities literature—Authorship—Handbooks, manuals etc | ||
| 653 | _aScholarly publishing—Handbooks, manuals etc. | ||
| 942 | _cBK | ||
| 999 |
_c57346 _d57346 |
||